| 000 | 00481nam a2200169Ia 4500 | ||
|---|---|---|---|
| 008 | 241206s9999||||xx |||||||||||||| ||und|| | ||
| 020 |
_a9780814408797 _c59.8 |
||
| 040 |
_beng _cSSK Library _erda |
||
| 082 | _a68.404/LEW | ||
| 100 | _a James P. Lewis | ||
| 245 | 0 | _aFundamentals Of Project Management | |
| 250 | _a3rd ed | ||
| 260 |
_b Amacom (American Management Association) _c©2007 |
||
| 942 |
_2Dewey Decimal Classification _cBOOK _nNo |
||
| 999 |
_c15632 _d15632 |
||
| 003 | OSt | ||
| 005 | 20241206223230.0 | ||